[Event "Women's Speed Chess Q1"]
[Site "chess.com INT"]
[Date "2020.06.18"]
[Round "4"]
[White "Tokhirjonova, Gulrukhbegim"]
[Black "Skuhala, Barbara"]
[Result "1-0"]
[WhiteTitle "WGM"]
[BlackTitle "WFM"]
[WhiteElo "2378"]
[BlackElo "2095"]
[WhiteFideId "14203626"]
[BlackFideId "14605465"]
[EventDate "2020.06.18"]

1. e4 c5 2. Nf3 d6 3. d4 cxd4 4. Nxd4 Nf6 5. Nc3 a6 6. Qd3 e5 7. Nde2 Be7 8. Bg5
Be6 9. Ng3 Nbd7 10. Bxf6 Nxf6 11. f3 O-O 12. O-O-O Rc8 13. Kb1 Qc7 14. Be2 Rfd8
15. Nd5 Nxd5 16. exd5 Bd7 17. c3 b5 18. h4 a5 19. h5 a4 20. a3 Qc4 21. Qd2 Qc5
22. Ne4 Qc7 23. g4 Rf8 24. Rdg1 Kh8 25. Bd3 Rb8 26. Qe2 f5 27. gxf5 Bxf5 28. Qg2
Bf6 29. Qe2 Be7 30. Rg2 Rf7 31. Rhg1 Rb6 32. Ka1 Qb7 33. Bb1 Qc7 34. Qe3 Rb8 35.
Qd2 Qd7 36. Qe2 Qc7 37. Bd3 Qb7 38. Bb1 Qc7 39. Rd1 Qd7 40. Qd2 Qb7 41. Rh1 Qc7
42. Rf2 Qb7 43. f4 Bxe4 44. Bxe4 Rxf4 45. Rxf4 exf4 46. Qxf4 Rf8 47. Qg4 Bf6 48.
Qf5 Qe7 49. Qxh7# 1-0

[Event "Women's Speed Chess Q1"]
[Site "chess.com INT"]
[Date "2020.06.18"]
[Round "4"]
[White "Khalafova, Narmin"]
[Black "Schulze, Lara"]
[Result "1-0"]
[WhiteTitle "WGM"]
[BlackTitle "FM"]
[WhiteElo "2279"]
[BlackElo "2314"]
[WhiteFideId "13402625"]
[BlackFideId "12956830"]
[EventDate "2020.06.18"]

1. e4 c5 2. Be2 Nc6 3. f4 g6 4. Nf3 Bg7 5. O-O e6 6. d3 Nge7 7. c3 O-O 8. Be3 b6
9. d4 cxd4 10. cxd4 d5 11. e5 Nf5 12. Bf2 h5 13. Nc3 a5 14. Rc1 Ba6 15. Nb5 Qd7
16. a4 Rfc8 17. g3 Nb4 18. Qd2 Rxc1 19. Rxc1 Rc8 20. Kg2 Bf8 21. h3 Rxc1 22.
Qxc1 Qc8 23. Qxc8 Bxc8 24. g4 hxg4 25. hxg4 Ne7 26. Nd6 Bd7 27. Ng5 Bxa4 28.
Ndxf7 Nec6 29. Kg3 Nc2 30. Bd3 N2xd4 31. Bxg6 Ne2+ 32. Kf3 Bd1 33. Ke3 Ned4 34.
Bh5 Bc2 35. Kd2 Bh7 36. Nd6 Bxd6 37. exd6 Bc2 38. d7 Ba4 39. Bxd4 Nd8 40. Bf6 1-0

[Event "Women's Speed Chess Q1"]
[Site "chess.com INT"]
[Date "2020.06.18"]
[Round "4"]
[White "Tania, Sachdev"]
[Black "Golubenko, Valentina"]
[Result "1-0"]
[WhiteTitle "IM"]
[BlackTitle "WGM"]
[WhiteElo "2392"]
[BlackElo "2209"]
[WhiteFideId "5007844"]
[BlackFideId "4501993"]
[EventDate "2020.06.18"]

1. d4 g6 2. c4 Bg7 3. Nc3 c5 4. d5 Bxc3+ 5. bxc3 f5 6. Nf3 Qa5 7. Qb3 Nf6 8. Qa3
Qxa3 9. Bxa3 Ne4 10. Nd2 Nxd2 11. Kxd2 d6 12. e3 Nd7 13. f3 Ne5 14. Re1 Bd7 15.
f4 Ng4 16. Bd3 a6 17. Re2 b5 18. e4 bxc4 19. Bc2 fxe4 20. Bxe4 Kf7 21. Bf3 Nf6
22. h3 h5 23. g3 Rab8 24. Rg1 Rb5 25. Bc1 Ra5 26. a3 Rb8 27. g4 hxg4 28. hxg4
Rb3 29. Rge1 Ng8 30. g5 Bf5 31. Be4 Bg4 32. Rh2 Rab5 33. Rh7+ Kf8 34. Bxg6 Rb2+
35. Bxb2 Rxb2+ 36. Kc1 Ra2 37. Rf7+ Ke8 38. Rfxe7+ Kd8 39. Re8+ Kc7 40. Rxg8
Ra1+ 41. Bb1 Bf5 42. Kb2 Rxb1+ 43. Rxb1 Kb6 44. Ka2+ Ka5 45. Rb7 Ka4 46. Ra8 a5
47. Rba7 Bb1+ 48. Kb2 Ba2 49. Rxa5# 1-0

[Event "Women's Speed Chess Q1"]
[Site "chess.com INT"]
[Date "2020.06.18"]
[Round "4"]
[White "Sedina, Elena"]
[Black "Hng, Mei-En Emmanuelle"]
[Result "1-0"]
[WhiteTitle "IM"]
[BlackTitle "WFM"]
[WhiteElo "2299"]
[BlackElo "2029"]
[WhiteFideId "812153"]
[BlackFideId "5804566"]
[EventDate "2020.06.18"]

1. e4 g6 2. d4 Bg7 3. Nf3 d6 4. Bd3 Nf6 5. O-O O-O 6. Re1 Nc6 7. c3 a6 8. h3 b5
9. a4 b4 10. d5 Nb8 11. cxb4 Nbd7 12. Nc3 Rb8 13. b5 Nc5 14. Bc2 Bd7 15. Nd4 e5
16. Nc6 Bxc6 17. dxc6 a5 18. Rb1 Ne6 19. Be3 Nh5 20. Nd5 Nhf4 21. Kh2 Nxd5 22.
Qxd5 Nd4 23. Bd1 Kh8 24. b4 Ra8 25. bxa5 Rxa5 26. Bd2 Ra8 27. a5 f5 28. exf5
gxf5 29. f4 e4 30. b6 cxb6 31. axb6 Rc8 32. c7 Qh4 33. Be3 Qxe1 34. Bxd4 Qh4 35.
Bxg7+ Kxg7 36. Qd4+ Rf6 37. b7 Qxf4+ 38. Kg1 Rxc7 39. b8=Q Rf7 40. Qbb2 Kh6 41.
Qdd2 e3 42. Qe2 Rg6 43. Qh5# 1-0

[Event "Women's Speed Chess Q1"]
[Site "chess.com INT"]
[Date "2020.06.18"]
[Round "4"]
[White "Burtasova, Anna"]
[Black "Khotenashvili, Bela"]
[Result "0-1"]
[WhiteTitle "WGM"]
[BlackTitle "GM"]
[WhiteElo "2261"]
[BlackElo "2458"]
[WhiteFideId "4150740"]
[BlackFideId "13602640"]
[EventDate "2020.06.18"]

1. e4 c6 2. d4 d5 3. exd5 cxd5 4. c4 Nf6 5. Nc3 Nc6 6. Nf3 Bg4 7. cxd5 Nxd5 8.
Qb3 Bxf3 9. Qxb7 Qc8 10. Qxc8+ Rxc8 11. gxf3 Ndb4 12. Kd1 Nxd4 13. Be3 e5 14. a3
Nbc6 15. Ba6 Rd8 16. Ke1 Nxf3+ 17. Kf1 Nfd4 18. Re1 Bc5 19. Bxd4 Bxd4 20. Bb5
Rc8 21. Nd5 Kd8 22. Rg1 g6 23. b4 Ne7 24. Nxe7 Kxe7 25. Rg3 Rc2 26. Re2 Rhc8 27.
Rd3 Rxe2 28. Kxe2 f5 29. Rd2 Kf6 30. Kf1 Rc3 31. a4 Rb3 32. Rc2 Rxb4 33. Rc7 h5
34. Rc6+ Kg5 35. Rc7 Rb2 36. Be2 Kf4 37. a5 g5 38. a6 g4 39. Rh7 Kg5 40. Rg7+
Kf6 41. Rh7 Kg6 42. Rh8 f4 43. Bd3+ Kg5 44. Rg8+ Kh4 0-1

[Event "Women's Speed Chess Q1"]
[Site "chess.com INT"]
[Date "2020.06.18"]
[Round "4"]
[White "Zvereva, Margarita"]
[Black "Jakubowska, Anna"]
[Result "1-0"]
[WhiteTitle "WFM"]
[BlackTitle "WIM"]
[WhiteElo "1929"]
[BlackElo "2073"]
[WhiteFideId "34177741"]
[BlackFideId "1121952"]
[EventDate "2020.06.18"]

1. d4 f5 2. Nf3 Nf6 3. g3 g6 4. Bg2 Bg7 5. O-O O-O 6. c4 d6 7. Nc3 Nc6 8. Re1 e5
9. d5 Ne7 10. e4 f4 11. gxf4 Nh5 12. fxe5 dxe5 13. Bg5 h6 14. Bh4 Nf4 15. Bg3
Nxg2 16. Kxg2 Bg4 17. Re3 Qd7 18. Qd3 Bxf3+ 19. Rxf3 Rxf3 20. Qxf3 Rf8 21. Qd3
g5 22. Re1 h5 23. h3 Ng6 24. c5 g4 25. h4 Bf6 26. d6 c6 27. Qd2 Kg7 28. Rh1 Qf7
29. Nd1 Bd8 30. Qe2 Nf4+ 31. Bxf4 exf4 32. f3 Kh7 33. e5 gxf3+ 34. Qxf3 Rg8+ 35.
Kf2 Rg4 36. Qe4+ Kh8 37. e6 Qe8 38. e7 Bxe7 39. dxe7 Rg7 40. Qe5 Qxe7 41. Qxh5+
Kg8 42. Rg1 Rxg1 43. Kxg1 Qe1+ 44. Kg2 Qg3+ 45. Kf1 f3 46. Qg5+ Qxg5 47. hxg5
Kg7 48. Kf2 Kg6 49. Kxf3 Kxg5 50. Ke4 Kf6 51. Nc3 Ke6 52. Ne2 b6 53. Nd4+ Kd7
54. b4 a5 55. a3 axb4 56. axb4 bxc5 57. bxc5 Kc7 58. Ke5 Kd7 59. Kf6 Kd8 60. Ke6
Kc7 61. Ke7 Kb7 62. Kd7 Ka6 63. Nxc6 1-0

[Event "Women's Speed Chess Q1"]
[Site "chess.com INT"]
[Date "2020.06.18"]
[Round "4"]
[White "Chitlange, Sakshi"]
[Black "Mohota, Nisha"]
[Result "1/2-1/2"]
[WhiteTitle "WIM"]
[BlackTitle "IM"]
[WhiteElo "2167"]
[BlackElo "2195"]
[WhiteFideId "35002899"]
[BlackFideId "5004330"]
[EventDate "2020.06.18"]

1. d4 f5 2. Nc3 d5 3. Bg5 g6 4. h4 Bg7 5. Nf3 c6 6. e3 Be6 7. Be2 Qb6 8. Rb1 Nd7
9. Bf4 h6 10. b4 a6 11. a4 a5 12. b5 c5 13. Qd2 Ngf6 14. Ne5 cxd4 15. exd4 Nxe5
16. Bxe5 Ne4 17. Nxe4 Bxe5 18. Nc5 Bf6 19. Qe3 Bf7 20. f4 h5 21. g3 O-O 22. O-O
Rfd8 23. Bf3 Rac8 24. c3 Rc7 25. Kg2 Rdc8 26. Rbc1 Rd8 27. Rfe1 Kg7 28. Re2 Rd6
29. Kh2 Rd8 30. Kg2 Rd6 31. Nd3 Rc4 32. Nc5 Qc7 33. Ra2 b6 34. Nb3 Qc8 35. Be2
Rc7 36. Rac2 Re6 37. Qd3 Re4 38. Bf3 Qd7 39. Nd2 Re6 40. Nf1 Rd6 41. Ne3 Qd8 42.
Re2 Qc8 43. Rec2 Qd8 44. Re2 Qc8 45. Rec2 Qd8 1/2-1/2

[Event "Women's Speed Chess Q1"]
[Site "chess.com INT"]
[Date "2020.06.18"]
[Round "4"]
[White "Swati, Mohota"]
[Black "Toncheva, Nadya"]
[Result "0-1"]
[WhiteTitle "WFM"]
[BlackTitle "WFM"]
[WhiteElo "2027"]
[BlackElo "2064"]
[WhiteFideId "5006511"]
[BlackFideId "2924056"]
[EventDate "2020.06.18"]

1. d4 d5 2. c4 dxc4 3. Nf3 Nf6 4. e3 Bg4 5. Bxc4 e6 6. Nbd2 a6 7. Qb3 b5 8. Bd3
Nbd7 9. Ne5 Nxe5 10. dxe5 Nd5 11. O-O Be7 12. a4 c6 13. axb5 axb5 14. Rxa8 Qxa8
15. Ne4 O-O 16. Ng3 Bh4 17. h3 Bxg3 18. fxg3 Bh5 19. Bd2 Qa7 20. Kh2 Bg6 21. e4
Nb6 22. Be3 Qa5 23. Bc5 Ra8 24. Qc2 Nd7 25. Bd6 Qb6 26. b4 Ra3 27. Rc1 h6 28.
Be2 Re3 29. Bf3 Kh7 30. Qf2 Qa7 31. Re1 Ra3 32. Qxa7 Rxa7 33. Rc1 Ra6 34. Rc3
Kg8 35. g4 f6 36. exf6 Nxf6 37. e5 Nd5 0-1

[Event "Women's Speed Chess Q1"]
[Site "chess.com INT"]
[Date "2020.06.18"]
[Round "4"]
[White "Selkirk, Rebecca"]
[Black "Grigoryan, Meri"]
[Result "0-1"]
[WhiteTitle "WCM"]
[BlackTitle "WFM"]
[WhiteElo "1799"]
[BlackElo "2044"]
[WhiteFideId "14306514"]
[BlackFideId "13300571"]
[EventDate "2020.06.18"]

1. e4 d5 2. exd5 Nf6 3. c4 c6 4. d4 cxd5 5. Nc3 Nc6 6. Bg5 dxc4 7. d5 Ne5 8.
Bxc4 Qa5 9. Bb5+ Bd7 10. Bxd7+ Nfxd7 11. Nf3 h6 12. Bf4 Nc4 13. Qb3 Ncb6 14. O-O
g5 15. Bg3 Bg7 16. Nb5 O-O 17. Nfd4 a6 18. Nc7 Bxd4 19. Nxa8 Rxa8 20. Rad1 Bg7
21. Rfe1 Bf6 22. Bc7 Rc8 23. d6 exd6 24. Bxd6 Nc5 25. Qf3 Ncd7 26. Qh3 Kg7 27.
Be7 Qxa2 28. Rxd7 Nxd7 29. Qxd7 Qc4 30. Bxf6+ Kxf6 31. Qxb7 Rc7 32. Qf3+ Kg7 33.
h3 a5 34. Qf5 Qc5 35. Re5 Qc1+ 36. Kh2 a4 37. Ra5 Qxb2 38. Rxa4 Qf6 39. Qa5 Qd6+
40. g3 Rc2 41. Kg2 Qc6+ 42. Kg1 Rc1+ 43. Kh2 Rh1# 0-1

[Event "Women's Speed Chess Q1"]
[Site "chess.com INT"]
[Date "2020.06.18"]
[Round "4"]
[White "Enkhtuul, Altan-Ulzii"]
[Black "Mendoza, Beverly"]
[Result "1-0"]
[WhiteTitle "WGM"]
[BlackTitle "WIM"]
[WhiteElo "2228"]
[BlackElo "1945"]
[WhiteFideId "4901444"]
[BlackFideId "5201250"]
[EventDate "2020.06.18"]

1. d4 Nf6 2. Nf3 g6 3. Bf4 Bg7 4. e3 d6 5. c3 Nbd7 6. h3 O-O 7. Be2 b6 8. O-O
Bb7 9. a4 a5 10. Na3 Ne4 11. Nd2 e5 12. Bh2 Nxd2 13. Qxd2 Qg5 14. d5 Nc5 15. f4
Qe7 16. Bd1 e4 17. Bc2 f5 18. Rfd1 Rae8 19. Nb5 Ba6 20. Nd4 Bd3 21. b4 axb4 22.
cxb4 Bxd4 23. exd4 Bxc2 24. Qxc2 Nd3 25. b5 Qf6 26. Qc3 Re7 27. Rf1 Qh4 28. Qd2
Rfe8 29. Kh1 Qf6 30. Bg1 Ra8 31. Be3 Qf7 32. a5 bxa5 33. Rxa5 Rxa5 34. Qxa5 Qxd5
35. Ra1 Qb3 36. Qa8+ Kg7 37. Qd8 Rf7 38. Ra8 Ne1 39. Qg8+ Kh6 40. Bf2 Qd3 41.
Bxe1 Rg7 42. Qd8 Qf1+ 43. Kh2 g5 44. fxg5+ Rxg5 45. Qf6+ Kh5 46. Qf7+ Kh6 47.
Bg3 1-0

[Event "Women's Speed Chess Q1"]
[Site "chess.com INT"]
[Date "2020.06.18"]
[Round "4"]
[White "Nandhidhaa, P V"]
[Black "Socko, Monika"]
[Result "0-1"]
[WhiteTitle "WGM"]
[BlackTitle "GM"]
[WhiteElo "2365"]
[BlackElo "2428"]
[WhiteFideId "5050847"]
[BlackFideId "1106619"]
[EventDate "2020.06.18"]

1. e4 e6 2. d4 d5 3. Nc3 Bb4 4. exd5 exd5 5. Bd3 Nc6 6. Nf3 Be6 7. O-O Nge7 8.
Ne2 Qd7 9. c3 Bd6 10. Bf4 Bg4 11. Bxd6 Qxd6 12. Ng3 Qf4 13. Be2 h5 14. Re1 h4
15. Nf1 O-O-O 16. h3 Be6 17. b4 Ng6 18. b5 Nce7 19. a4 Nf5 20. a5 Nd6 21. b6
cxb6 22. axb6 axb6 23. Qb3 Kc7 24. Reb1 Nc8 25. c4 dxc4 26. Bxc4 Bxc4 27. Qxc4+
Kb8 28. Ra3 Rd6 29. Ne3 Rc6 30. Qa4 Nce7 31. Nc4 Rhc8 32. Qa7+ Kc7 33. Nxb6 Rc1+
34. Rxc1+ Qxc1+ 35. Kh2 Nc6 36. Na8+ Kd6 37. Qa4 Qf4+ 38. g3 hxg3+ 39. fxg3 Qe4
40. Nb6 Re8 41. Nc4+ Kc7 42. Ncd2 Qe2+ 43. Kg1 Nge7 44. Rc3 Nd5 45. Qa5+ Kd6 46.
Qc5+ Ke6 47. Ng5+ Kf6 48. Qd6+ Re6 0-1

[Event "Women's Speed Chess Q1"]
[Site "chess.com INT"]
[Date "2020.06.18"]
[Round "4"]
[White "Smietanska, Wiktoria"]
[Black "Paramzina, Anastasya"]
[Result "0-1"]
[WhiteTitle "CM"]
[BlackTitle "WGM"]
[WhiteElo "1593"]
[BlackElo "2209"]
[WhiteFideId "21869359"]
[BlackFideId "4165012"]
[EventDate "2020.06.18"]

1. c4 Nf6 2. Nc3 g6 3. g3 Bg7 4. Bg2 c6 5. e4 d6 6. d3 O-O 7. Nge2 e5 8. O-O a5
9. f4 Nbd7 10. f5 Qb6+ 11. Kh1 Ng4 12. Qe1 Ne3 13. Bxe3 Qxe3 14. Rd1 Nc5 15. Qf2
Bh6 16. Qxe3 Bxe3 17. g4 a4 18. Rf3 Bg5 19. d4 Nd7 20. d5 Be7 21. Rfd3 Nc5 22.
R3d2 Bg5 23. Rc2 Rd8 24. Kg1 Kf8 25. Kf2 Ke7 26. Kg3 Bf6 27. h4 g5 28. h5 h6 29.
Ng1 Rd7 30. Nf3 Ra6 31. Rcd2 Rb6 32. a3 Nb3 33. Re2 Ra6 34. Re3 Nd4 35. Red3 Rd8
36. Nxd4 exd4 37. Ne2 Be5+ 38. Kf3 c5 39. R3d2 Bd7 40. Rc2 b5 41. cxb5 Bxb5 42.
Rdd2 d3 43. Nc3 dxc2 44. Rxc2 Bxc3 45. Rxc3 Rb8 46. Rc2 Rab6 47. Ke3 Ba6 48. e5
Rb3+ 0-1

[Event "Women's Speed Chess Q1"]
[Site "chess.com INT"]
[Date "2020.06.18"]
[Round "4"]
[White "Koridze, Lile"]
[Black "Franco Valencia, Angela"]
[Result "0-1"]
[WhiteTitle "WFM"]
[BlackTitle "WIM"]
[WhiteElo "1996"]
[BlackElo "2089"]
[WhiteFideId "13612514"]
[BlackFideId "4403070"]
[EventDate "2020.06.18"]

1. d4 Nf6 2. c4 c5 3. d5 e6 4. Nc3 exd5 5. cxd5 d6 6. Nf3 g6 7. Nd2 Nbd7 8. Nc4
Nb6 9. e4 Bg7 10. Bd3 O-O 11. O-O Re8 12. Qc2 Nxc4 13. Bxc4 Rb8 14. a4 a6 15. h3
Qc7 16. Bf4 Nh5 17. Bh2 g5 18. e5 dxe5 19. Ne4 Bf5 20. Rfe1 Nf4 21. Nf6+ Bxf6
22. Qxf5 Qd6 23. Bxf4 gxf4 24. Bd3 Kf8 25. Rad1 Ke7 26. Qxf4 Kd8 27. Qf5 Kc7 28.
Qxh7 Re7 29. Qf5 Rg8 30. b4 cxb4 31. Be4 Kb8 32. Rc1 Bg5 33. Rc4 Bd2 34. Rd1 Bc3
35. Bf3 f6 36. a5 Bd4 37. Rdc1 b3 38. Rc8+ Rxc8 39. Qxc8+ Ka7 40. Rb1 b2 41. Be4
Rc7 42. Qf5 Rc1+ 43. Kh2 Qc5 44. Qxf6 Rxb1 45. Bxb1 Qc1 46. Qf5 Qc5 47. Qe4 Bxf2
48. Qxe5 Bg1+ 49. Kg3 Qf2+ 50. Kg4 Qxg2+ 51. Qg3 Qe2+ 52. Qf3 Qe1 53. Qe4 Qd1+
54. Kg3 Bc5 55. h4 Bd6+ 56. Kg2 Qd2+ 57. Kf3 Qd1+ 0-1

[Event "Women's Speed Chess Q1"]
[Site "chess.com INT"]
[Date "2020.06.18"]
[Round "4"]
[White "Hoang, Thi Bao Tram"]
[Black "Rakhmangulova, Anastasiya"]
[Result "0-1"]
[WhiteTitle "WGM"]
[BlackTitle "WIM"]
[WhiteElo "2288"]
[BlackElo "2191"]
[WhiteFideId "12401102"]
[BlackFideId "14117479"]
[EventDate "2020.06.18"]

1. d4 d5 2. Nf3 Nf6 3. Bg5 Ne4 4. Bh4 c5 5. e3 Qb6 6. Qc1 Nc6 7. c3 Bf5 8. Nbd2
e6 9. Be2 Bd6 10. O-O Rc8 11. dxc5 Bxc5 12. Nxe4 Bxe4 13. Qd2 O-O 14. Bg3 Ne7
15. Ne5 Rcd8 16. Bd3 Nf5 17. Bxe4 dxe4 18. Qc2 Nxg3 19. hxg3 f5 20. Qb3 Qxb3 21.
axb3 Rd2 22. Nc4 Rc2 23. b4 Bb6 24. Rfd1 Rc8 25. Nxb6 axb6 26. Rab1 Rc7 27. Rd6
Kf7 28. Rxb6 Rd7 29. Ra1 Kf6 30. g4 fxg4 31. Kh2 h5 32. Kg3 Rdd2 33. Rf1 g5 34.
Rxb7 Rxb2 35. b5 Kf5 36. Rf7+ Kg6 37. Rc7 Rxb5 38. Ra1 Rbb2 39. Ra6 Rxf2 40.
Rxe6+ Kf5 41. Rf7+ Kxe6 42. Rxf2 Rxf2 43. Kxf2 h4 44. Ke2 Kd5 45. Kd2 Kc4 46.
Ke2 h3 0-1

[Event "Women's Speed Chess Q1"]
[Site "chess.com INT"]
[Date "2020.06.18"]
[Round "4"]
[White "Bommini, Mounika Akshaya"]
[Black "Pham, Bich Ngoc"]
[Result "0-1"]
[WhiteTitle "WFM"]
[BlackTitle "WIM"]
[WhiteElo "2029"]
[BlackElo "2235"]
[WhiteFideId "25019872"]
[BlackFideId "12401285"]
[EventDate "2020.06.18"]

1. d4 g6 2. c4 Bg7 3. Nc3 f5 4. g3 Nf6 5. Bg2 O-O 6. Nf3 d6 7. O-O c6 8. b3 Na6
9. Bb2 Ne4 10. Rc1 Qe8 11. d5 e5 12. Nxe4 fxe4 13. Ng5 Bh6 14. Nxe4 Bxc1 15.
Bxc1 c5 16. Nxd6 Qd7 17. Nxc8 Raxc8 18. d6 Nb4 19. a3 Nc6 20. Qd5+ Rf7 21. Qxc5
Rf6 22. Bg5 Rxd6 23. Bd5+ Kg7 24. Qe3 Re8 25. f4 h6 26. Bxh6+ Kxh6 27. fxe5+ Kg7
28. Rf7+ Qxf7 29. Bxf7 Rxe5 30. Qf3 Rf6 31. Qd3 Rxf7 32. e4 Rfe7 33. b4 Rxe4 34.
b5 Nd4 35. Qc3 Kh7 36. Qd3 Nf5 37. c5 Re1+ 38. Kg2 R7e2+ 39. Kh3 Re3 40. Qd7+
Re7 41. Qd3 R1e3 42. Qd5 R3e5 43. Qd3 Rxc5 44. a4 b6 45. Qd2 Rce5 46. Qg5 Nh6
47. Qd2 Re2 48. Qd3 R2e3 49. Qd2 R3e5 50. Qd5 Rxd5 0-1

[Event "Women's Speed Chess Q1"]
[Site "chess.com INT"]
[Date "2020.06.18"]
[Round "4"]
[White "Dordzhieva, Dinara"]
[Black "Arabidze, Meri"]
[Result "0-1"]
[WhiteTitle "WIM"]
[BlackTitle "IM"]
[WhiteElo "2354"]
[BlackElo "2428"]
[WhiteFideId "24157570"]
[BlackFideId "13604040"]
[EventDate "2020.06.18"]

1. Nf3 d5 2. g3 Nf6 3. Bg2 e6 4. c4 dxc4 5. Qa4+ Nbd7 6. Qxc4 c5 7. Qc2 Be7 8.
Nc3 O-O 9. O-O a6 10. d4 Ra7 11. dxc5 Bxc5 12. Na4 b6 13. Nxc5 bxc5 14. Rd1 Qb6
15. b3 Bb7 16. Bb2 Be4 17. Qc3 Qb4 18. Rac1 a5 19. Qe3 Bg6 20. Nh4 a4 21. Nxg6
hxg6 22. Rc4 Qb5 23. h4 Rb8 24. Bxf6 axb3 25. axb3 Nxf6 26. Rxc5 Qxb3 27. Rc8+
Kh7 28. Qxb3 Rxb3 29. Rdd8 Ra1+ 30. Bf1 g5 31. hxg5 Ne4 32. Rd4 Nxg5 33. Kg2
Rbb1 34. Rh4+ Kg6 35. Rh1 Ne4 36. e3 f5 37. Rc2 Rd1 38. g4 Nd2 39. gxf5+ Kf6 40.
fxe6 Nxf1 41. Rh4 Kxe6 42. Rc6+ Kd7 43. Rg6 Nxe3+ 44. Kf3 Nf5 45. Rf4 Nd4+ 46.
Ke4 Ne6 47. Rf7+ Ke8 48. Rf3 Re1+ 49. Kd3 Ra3+ 0-1

[Event "Women's Speed Chess Q1"]
[Site "chess.com INT"]
[Date "2020.06.18"]
[Round "4"]
[White "Dzagnidze, Nana"]
[Black "Perez Rodriguez, Jennifer"]
[Result "1-0"]
[WhiteTitle "GM"]
[BlackTitle "WIM"]
[WhiteElo "2524"]
[BlackElo "2251"]
[WhiteFideId "13601903"]
[BlackFideId "3507831"]
[EventDate "2020.06.18"]

1. c4 Nf6 2. Nf3 e6 3. b3 d5 4. Bb2 c5 5. e3 Nbd7 6. Be2 Be7 7. cxd5 exd5 8. O-O
O-O 9. d4 b6 10. Nc3 Bb7 11. dxc5 bxc5 12. Rc1 Rc8 13. Bd3 Bd6 14. Bf5 Rb8 15.
Re1 a6 16. Na4 Bc6 17. Bxf6 Qxf6 18. Bxd7 Bxd7 19. Nxc5 Be6 20. Qd4 Qg6 21. Nxe6
fxe6 22. Rc6 Bb4 23. Ne5 Qf6 24. Rf1 Rbc8 25. f4 a5 26. Qb6 Qf5 27. h3 Qe4 28.
Qd4 Qf5 29. Rfc1 Rce8 30. Qd3 Qh5 31. Rf1 Rc8 32. Qc2 Rce8 33. Qd3 Qh4 34. Rc7
Qg3 35. Qd4 Rf6 36. Nf3 Bd6 37. Rc6 Rd8 38. Ra6 Bc7 39. Ne5 Rdf8 40. Rc6 Bb8 41.
Nd3 Qh4 42. Rf2 Qg3 43. Rcc2 Qh4 44. Rce2 Qh6 45. Rc2 Qh4 46. Ne5 Qg3 47. Ng4
Rf5 48. Rf3 Qh4 49. Qb6 h5 50. Qxe6+ 1-0

[Event "Women's Speed Chess Q1"]
[Site "chess.com INT"]
[Date "2020.06.18"]
[Round "4"]
[White "Daulyte-Cornette, Deimante"]
[Black "Huda, Maryana"]
[Result "1-0"]
[WhiteTitle "IM"]
[BlackTitle "WGM"]
[WhiteElo "2400"]
[BlackElo "2128"]
[WhiteFideId "12802859"]
[BlackFideId "14116553"]
[EventDate "2020.06.18"]

1. e4 e5 2. Bc4 Nf6 3. Nc3 Nc6 4. d3 Na5 5. Bb3 Nxb3 6. axb3 Be7 7. f4 d6 8. Nf3
exf4 9. Bxf4 O-O 10. O-O h6 11. Qd2 c6 12. Kh1 Be6 13. Nd4 Nh7 14. Nce2 Bg5 15.
Bxg5 Qxg5 16. Nf4 Bd7 17. Qf2 a6 18. Nfe2 Rae8 19. Ng3 g6 20. Rae1 h5 21. Nge2
Bc8 22. Ng1 Qc5 23. c3 Ng5 24. Qh4 Qe5 25. Nf5 Ne6 26. Nf3 Qh8 27. Nxd6 Rd8 28.
Nc4 Rxd3 29. Nfe5 Rdd8 30. Nf3 Qg7 31. Nce5 Kh7 32. Rd1 Kg8 33. Rxd8 Nxd8 34.
Qe7 Be6 35. c4 f6 36. Qxg7+ Kxg7 37. Nd3 Nf7 38. Nc5 Bc8 39. Rd1 Re8 40. Nd4 Re7
41. Rf1 Ne5 42. h3 b6 43. Na4 b5 44. cxb5 cxb5 45. Nc5 Kf7 46. b4 Kg7 47. Kh2
Kf7 48. Kg3 Kg7 49. Rc1 Kf7 50. Ncb3 Kg7 51. Rxc8 Nd3 52. Nc5 Nxb2 53. Rd8 Nc4
54. Nce6+ Kh7 55. Rf8 1-0

[Event "Women's Speed Chess Q1"]
[Site "chess.com INT"]
[Date "2020.06.18"]
[Round "4"]
[White "Munkhzul, Turmunkh"]
[Black "Balabayeva, Xeniya"]
[Result "0-1"]
[WhiteTitle "WIM"]
[BlackTitle "WFM"]
[WhiteElo "2278"]
[BlackElo "2146"]
[WhiteFideId "4901878"]
[BlackFideId "13719688"]
[EventDate "2020.06.18"]

1. e4 e6 2. d4 d5 3. Nc3 Bb4 4. e5 c5 5. a3 Bxc3+ 6. bxc3 Ne7 7. Qg4 O-O 8. Bd3
Nbc6 9. Ne2 c4 10. Bh6 Ng6 11. Bxg6 fxg6 12. Bg5 Qe8 13. h4 Qf7 14. Qg3 Qf5 15.
Rc1 h5 16. Qe3 Bd7 17. f3 Qf7 18. Nf4 Ne7 19. g4 Ba4 20. Ke2 Rae8 21. Rhg1 Kh7
22. Rg2 Rg8 23. Kd2 Nc6 24. Nh3 Ref8 25. Bf4 Kh8 26. Rcg1 a5 27. Rg3 b5 28. Bg5
b4 29. axb4 axb4 30. gxh5 gxh5 31. Nf4 Qf5 32. Rc1 g6 33. Bf6+ Kh7 34. Nh3 bxc3+
35. Kxc3 Rxf6 36. Ng5+ Kh8 37. exf6 Qxf6 38. Nxe6 Kh7 39. Ra1 Re8 40. Rxa4 Rxe6
41. Qd2 Qe7 42. Kb2 Re3 43. Ka2 c3 44. Qc1 Re2 45. Rg5 Nb4+ 46. Kb3 Nxc2 47. Re5
Qb7+ 48. Kxc3 Qc6+ 49. Kd3 Qb5+ 50. Kc3 Rxe5 0-1

[Event "Women's Speed Chess Q1"]
[Site "chess.com INT"]
[Date "2020.06.18"]
[Round "4"]
[White "Munoz Monroy, Cinthya Carolina"]
[Black "Bivol, Alina"]
[Result "1/2-1/2"]
[WhiteTitle "WFM"]
[BlackTitle "WGM"]
[WhiteElo "2007"]
[BlackElo "2386"]
[WhiteFideId "4407482"]
[BlackFideId "4100123"]
[EventDate "2020.06.18"]

1. e4 e6 2. d4 d5 3. e5 c5 4. c3 Nc6 5. Nf3 Bd7 6. Bd3 cxd4 7. cxd4 Qb6 8. O-O
Nxd4 9. Nxd4 Qxd4 10. Nc3 a6 11. Qe2 Ne7 12. Kh1 Nc6 13. f4 Bc5 14. Rd1 Nb4 15.
Bxa6 Qf2 16. Qxf2 Bxf2 17. Bb5 Bc5 18. Bxd7+ Kxd7 19. a3 Nc6 20. Nxd5 exd5 21.
Rxd5+ Ke6 22. Rxc5 Rhd8 23. Be3 Rd3 24. Bg1 Rb3 25. Rc2 Rd8 26. h3 h5 27. Rac1
Kf5 28. Bh2 Rdd3 29. g4+ hxg4 30. hxg4+ Kxg4 31. Rg1+ Kf3 32. Rxg7 Rd1+ 33. Rg1
Rxg1+ 34. Kxg1 Nd4 35. Rf2+ Ke3 36. Kg2 Rb6 37. Bg1 Rg6+ 38. Kf1 Nf3 39. Rg2+
Kxf4 40. Rxg6 fxg6 41. e6 Nd2+ 42. Ke2 Ne4 43. e7 Nf6 44. b4 Ke4 45. a4 Kd5 46.
Kd3 g5 47. b5 Kd6 48. Be3 g4 49. a5 g3 50. a6 bxa6 51. bxa6 Kc7 52. Ke2 g2 53.
Kf2 g1=Q+ 54. Kxg1 Kb8 55. Kf2 Ka8 56. Kf3 Kb8 57. Kf4 Nd5+ 58. Ke5 Nxe7 59. Kd6
Nc8+ 60. Kc6 Na7+ 61. Kb6 Nc8+ 62. Ka5 Ne7 63. Bc5 Nd5 64. Kb5 Nc7+ 65. Kb6 Nxa6 1/2-1/2